000 00729nam a2200229Ii 4500
003 JO-AjNU
008 230605s9999||||xx |||||||||||||| ||und||
017 _a 2006/8/2121
020 _a9957-463-27-6
040 _aJO-AjNU
_bara
_erda
_cJO-AjNU
041 _aara
050 1 4 _aGB54.5.D3782 2007
100 3 _a الدراجي، سعد عجيل مبارك,
_eauthor
_919124
245 0 0 _aبحوث في الجغرافيا الطبيعية، الجزء الأول
250 _aط1
264 3 1 _aعمان: دار كنوز، 2007
300 _aج1، 254ص
336 _atext
_btxt
_2rdacontent
337 _aunmediated
_bn
_2rdamedia
338 _avolume
_bnc
_2rdacarrier
650 4 _aالجغرافية الطبيعية
_919125
999 _aA6246
_c9814
_d9814